000 01362cam a22002891i 4500
003 SA-RiAUC
005 20251109083003.0
008 251014s1992 le g i 000r0 ara c
040 _aSA-RiAUC
_bara
_cSA-RiAUC
_erda
050 4 _bA88 1992
082 0 4 _a237.3016
_qSA-RiAUC
090 _a237.3016
_bع ط ا
100 1 _aالعطار، صدقي محمد جميل
_eمؤلف.
245 1 0 _aفهارس مرقاة المفاتيح :
_bشرح مشكاة المصابيح /
_cإعداد صدقي محمد جميل العطار.
250 _aالطبعة الأولى.
264 1 _aبيروت :
_bدار الفكر،
_c1992
300 _a504 صفحة ؛
_c24 سم
336 _aنص
_btxt
_2rdacontent
_3كتاب
337 _aبدون وسيط
_bn
_2rdamedia
338 _aمجلد
_bnc
_2rdacarrier
650 7 _aالحديث
_xجوامع الفنون
_vكشافات
_2aucsh
650 7 _aالحديث
_xشرح
_vكشافات
_2aucsh
700 1 2 _iكشاف لـ :
_aعلي القاري، علي بن محمد الهروي،
_cالملا،
_dتوفي 1014 هجري.
_tمرقاة المفاتيح : شرح مشكاة المصابيح
700 1 2 _iشرح لـ :
_aالتبريزي، محمد بن عبد الله الخطيب،
_dتوفي 741 هجري.
_tمشكاة المصابيح
942 _2ddc
_cBOOK
_n0
949 _aSA-JeALM
_d251014
_umohamedma123
_n1
999 _c13088
_d13088